Harry Potter Quiz (MULTIPLE CHOICE) - Statistics

General Stats
  • This quiz has been taken 36 times
  • The average score is 10 of 12
Answer Stats
Question Answer % Correct
Which Death eater cast the dark mark at the 1994 Quidditch World Cup? Barty Crouch Jr
97%
Who was disguised as the Weasley's rat for 12 years? Peter Pettigrew
97%
Who destroyed it? Neville Longbottom
93%
Lord Voldemort believed the Elder Wand belonged to Severus Snape. Who did it actually belong to? Draco Malfoy
90%
Which of Voldemort's Horcruxes was last to be destroyed? Nagini
90%
Which DADA teacher was appointed after Quirinus Quirrell? Gilderoy Lockhart
86%
Andromeda Lestrange married a muggle born: he was named... Ted Tonks
83%
Who became Minister of Magic after the Battle of Hogwarts Kingsley Shacklebolt
76%
Which of these people DID NOT take part in the torture of Frank and Alice Longbottom? Avery II
72%
Harry Potter had 3 children: James, Albus, and Lily. What was Lily's middle name? Luna
66%
Who was the first person to discover that Lord Voldemort had a horcrux? Regulus Black
62%
What day did Lord Voldemort Attack the Potters? Halloween
59%
No matching quizzes found
Score Distribution
Percent of People with Each Score
Percentile by Number Answered
Your Score History
You have not taken this quiz